The economics of data, analytics, and digital transformation : (Registro nro. 40640)
[ vista simple ]
| 000 -LEADER | |
|---|---|
| fixed length control field | 01480cam a2200373 i 4500 |
| 001 - CONTROL NUMBER | |
| control field | 40640 |
| 003 - CONTROL NUMBER IDENTIFIER | |
| control field | Mx-PuUPA |
| 005 - DATE AND TIME OF LATEST TRANSACTION | |
| control field | 20220330130829.0 |
| 008 - FIXED-LENGTH DATA ELEMENTS--GENERAL INFORMATION | |
| fixed length control field | 140415s2020 uk a fr 001 0 eng d |
| 020 ## - INTERNATIONAL STANDARD BOOK NUMBER | |
| International Standard Book Number | 9781800561410 |
| 040 ## - CATALOGING SOURCE | |
| Original cataloging agency | Mx-PuUPA |
| Language of cataloging | spa |
| Transcribing agency | Mx-PuUPA |
| Modifying agency | Mx-PuUPA |
| Description conventions | rda |
| 041 0# - LANGUAGE CODE | |
| Language code of text/sound track or separate title | eng |
| 100 1# - MAIN ENTRY--PERSONAL NAME | |
| 9 (RLIN) | 11534 |
| Personal name | Schmarzo, Bill, |
| Relator term | autor |
| 245 14 - TITLE STATEMENT | |
| Title | The economics of data, analytics, and digital transformation : |
| Remainder of title | the theorems, laws, and empowerments to guide your organization's digital transformation / |
| Statement of responsibility, etc. | Bill Schmarzo ; foreword by Kirk Borne |
| 250 ## - EDITION STATEMENT | |
| Edition statement | First published |
| 264 #1 - PRODUCTION, PUBLICATION, DISTRIBUTION, MANUFACTURE, AND COPYRIGHT NOTICE | |
| Place of production, publication, distribution, manufacture | Birmingham, UK : |
| Name of producer, publisher, distributor, manufacturer | Packt Publishing, |
| Date of production, publication, distribution, manufacture, or copyright notice | 2020 |
| 300 ## - PHYSICAL DESCRIPTION | |
| Extent | xv, 227 páginas : |
| Other physical details | ilustraciones ; |
| Dimensions | 23 cm |
| 336 ## - CONTENT TYPE | |
| Fuente | rdacontent |
| Content type term | texto |
| Content type code | txt |
| 337 ## - MEDIA TYPE | |
| Source | rdamedia |
| Media type term | sin medio |
| Media type code | n |
| 338 ## - CARRIER TYPE | |
| Source | rdacarrier |
| Carrier type term | volumen |
| Carrier type code | nc |
| 490 0# - SERIES STATEMENT | |
| Series statement | Expert insight |
| 650 #7 - SUBJECT ADDED ENTRY--TOPICAL TERM | |
| Topical term or geographic name entry element | Tecnología de la información |
| General subdivision | Administración |
| Source of heading or term | armarc |
| 650 #7 - SUBJECT ADDED ENTRY--TOPICAL TERM | |
| Topical term or geographic name entry element | Big Datta |
| Source of heading or term | armarc |
| 650 #7 - SUBJECT ADDED ENTRY--TOPICAL TERM | |
| Topical term or geographic name entry element | Captura y análisis de datos |
| Source of heading or term | armarc |
| 650 #7 - SUBJECT ADDED ENTRY--TOPICAL TERM | |
| Topical term or geographic name entry element | Diseño y teoría de bases de datos |
| Source of heading or term | armarc |
| 650 #7 - SUBJECT ADDED ENTRY--TOPICAL TERM | |
| Topical term or geographic name entry element | Computadoras |
| General subdivision | Procesamiento de datos |
| Source of heading or term | armarc |
| 700 1# - ADDED ENTRY--PERSONAL NAME | |
| Personal name | Borne, Kirk, |
| Relator term | prologuista |
| 942 ## - ADDED ENTRY ELEMENTS (KOHA) | |
| Source of classification or shelving scheme | Dewey Decimal Classification |
| Koha item type | Libro |
| Classification part | 658.403802855745 |
| Item part | S295 |
| Withdrawn status | Lost status | Source of classification or shelving scheme | Damaged status | Not for loan | Collection code | Home library | Current library | Shelving location | Date acquired | Source of acquisition | Total Checkouts | Total Renewals | Full call number | Barcode | Date last seen | Date last checked out | Price effective from | Koha item type | Cost, normal purchase price | Copy number | Cost, replacement price |
|---|---|---|---|---|---|---|---|---|---|---|---|---|---|---|---|---|---|---|---|---|---|
| Dewey Decimal Classification | Consulta en sala | Magisterial | Biblioteca Karol Wojtyla | Biblioteca Karol Wojtyla | Sala general | 03/12/2013 | Compra | 1 | 1 | 658.403802855745 S2915 2020 | 61271 | 05/01/2026 | 30/06/2021 | 03/12/2013 | Magisterial | ||||||
| Dewey Decimal Classification | General | Biblioteca Karol Wojtyla | Biblioteca Karol Wojtyla | Sala general | 31/10/2024 | 2 | 658.403802855745 S295 2020 | 102507 | 05/01/2026 | 31/10/2024 | Libro | 781.71 | Ej.2 | 781.71 |